000 00759nam a2200229Ia 4500
003 GCL
008 140319s9999 xx 000 0 ara d
040 _aGCL /
_cGCL
082 0 4 _a347.07
_bص ش
100 1 _aصلاح ابواسماعيل
245 1 0 _aالشهادة: شهادة الشيخ صلاح اسماعيل فى قضية تنظيم الجهاد /
_cصلاح ابواسماعيل
260 _a[S.N] :
_bدار الاعتصام
300 _a328 ص
490 _a
650 0 4 _aمصر
650 0 4 _aالجرائم السياسية
650 0 4 _aالمحاكم العسكرية
650 0 4 _aالمحاكمات السياسية
650 0 4 _aالاسلام والسياسة
650 0 4 _aالاخوان المسلمون
942 _2ddc
_cBK
999 _c29144
_d29144